Déficit democrático y social en los procesos de integración /

Збережено в:
Бібліографічні деталі
Автор: Grandi, Jorge
Формат: Текст
Предмети:
Теги: Додати тег
Немає тегів, Будьте першим, хто поставить тег для цього запису!

MARC

LEADER 00000 a a2200000 04500
001 7662
003
040
100 |a Grandi, Jorge  
245 |a Déficit democrático y social en los procesos de integración /  |c Jorge Grandi 
650 |a DEMOCRACIA  
650 |a SOCIEDAD  
650 |a INTEGRACION REGIONAL  
650 |a LIBERALIZACION DEL INTERCAMBIO  
650 |a ESTADO  
650 |a LIBRE COMERCIO  
773 |g volumen 30, número 119 -120; páginas 423-460  
999 |c 37064  |d 37064